1634 1915 1752 1887 1043 1053 1565 1762 1452 1797 1970 1667 1671 1512 1114 1494 1637 1593 1504 1911 1054 1829 1703 1329 1644 1380 1310 1074 1554 1829 1958 1417 1732 1984 1489 1783 1858 1162 1201 1716 1618 1458 1144 1909 1118 1367 1059 1670 1793 1026 1547 1826 1420 1965 1480 1466 1777 1025 1456 1619 1671 1650 1769 1522 1973 1845 1357 1924 1658 1398 1570 1235 1788 1267 1195 1818 1873 1598 1787 1203 1669 1279 1718 1803 1092 1514 1065 1008 1010 1096 1162 1071 1381 1676 1789 1928 1928 1483 1411 BCNSPRNW ULIB Ver.6.0+V

เปลี่ยนเป็นภาษาไทย

Change to English
 แสดงรายละเอียดบรรณานุกรม
  กลับหน้าหลัก

Brief Record : Get Marc (ISO 2709) : E-mail record : QR code < ปิดหน้าต่าง
LEADER : 00000nam 2200000uu 4500
001    13399125809
003     ULIB
008    170915s2560||||th 000 0 tha d
020    ^a9786163981486
060 04 ^aWY105^bภ476
245 10 ^aภาวะผู้นำและการจัดการทางการพยาบาล=^bLeadership of Nursing Administration /^cบรรณาธิการ, อภิรดี นันท์ศุภวัฒน์
246 31 ^aLeadership of Nursing Administration
260    ^aเชียงใหม่ :^bคณะพยาบาลษาสตร์ มหาวิทยาลัยเชียงใหม่,^c2560
300    ^a234 หน้า ;^c19 ซม.
505 0  ^a... แนวคิดการจัดการและทฤษฎีองค์การ ... แนวคิดทฤษฎีภาวะผู้นำ ... กระบวนการภาวะผู้นำและการจัดการทางการพยาบาล ... การจัดการคุณภาพทางการพยาบาล ... การใช้ทรัพยากรอย่างมีประสิทธิภาพและประสิทธิผล: เทคโนโลยีสารสนเทศ ... การใช้ทรัพยากรอย่างมีประสิทธิภาพและประสิทธิผล: การเงินและพัสดุ ... การใช้ทรัพยากรอย่างมีประสิทธิภาพและประสิทธิผล: บุคลากรทางการพยาบาล ... แนวคิดและเทคนิคการสร้างสัมพันธภาพ ... การจัดการเวลา ... การจัดการกับความเครียด ... การจัดการทรัพยากรมนุษย์ ... การพัฒนาทรัพยากรมนุษย์ ... การจัดอัตรากำลังบุคลากรทางการพยาบาล ... การจัดการหอผู้ป่วย ... กระบวนการนโยบายและการมีส่วนร่วมในกระบวนการนโยบาย ... แนวโน้มภาวะผู้นำและการจัดการทางพยาบาล
650  2 ^aLeadership
650  2 ^aNursing
650  7 ^aบทบาท
650  7 ^aการพยาบาล^xการจัดการ
650  7 ^aภาวะผู้นำ
700 0  ^aอภิรดี นันท์ศุภวัฒน์,^eบรรณาธิการ
710 2  ^aมหาวิทยาลัยเชียงใหม่.^bคณะพยาบาลศาสตร์
945    ^p200^l0^i25528
945    ^p200^l0^i25529
945    ^p200^l0^i25530
945    ^p200^l0^i25531
945    ^p200^l0^i25532
999    ^aกัณชพร จุลอักษร
รายการนี้ยังไม่มีแท็ก
คุณยังไม่ได้ล็อกอิน คุณสามารถมีกิจกรรมร่วมกับเว็บไซต์ได้ แต่ต้องล็อกอินก่อน ::
  ล็อกอิน

รายการสื่อสารสนเทศ

ลำดับที่ ประเภท เลขเรียก/บาร์โค้ด สถานที่ สถานะ
1. หนังสือสำรอง
หนังสือสำรอง
WY105 ภ476 ฉ.1 
  Barcode: 25528
ห้องสมุดวิทยาเขตนครสวรรค์
►หนังสือทั่วไป:l:General Books
บนชั้น
2. วิทยาศาสตร์การแพทย์ และสุขภาพ
วิทยาศาสตร์การแพทย์ และสุขภาพ
WY105 ภ476 ฉ.2 
  Barcode: 25529
ห้องสมุดวิทยาเขตนครสวรรค์
►หนังสือทั่วไป:l:General Books
บนชั้น
3. วิทยาศาสตร์การแพทย์ และสุขภาพ
วิทยาศาสตร์การแพทย์ และสุขภาพ
WY105 ภ476 ฉ.3 
  Barcode: 25530
ห้องสมุดวิทยาเขตนครสวรรค์
►หนังสือทั่วไป:l:General Books
บนชั้น
4. วิทยาศาสตร์การแพทย์ และสุขภาพ
วิทยาศาสตร์การแพทย์ และสุขภาพ
WY105 ภ476 ฉ.4 
  Barcode: 25531
ห้องสมุดวิทยาเขตนครสวรรค์
►หนังสือทั่วไป:l:General Books
บนชั้น
5. วิทยาศาสตร์การแพทย์ และสุขภาพ
วิทยาศาสตร์การแพทย์ และสุขภาพ
WY105 ภ476 ฉ.5 
  Barcode: 25532
ห้องสมุดวิทยาเขตนครสวรรค์
►หนังสือทั่วไป:l:General Books
บนชั้น

รายการใกล้เคียง
    หัวเรื่อง [Leadership]
    หัวเรื่อง [Nursing]
    หัวเรื่อง [บทบาท]
    หัวเรื่อง [ภาวะผู้นำ]

BibComment


ยังไม่เคยถูกคอมเมนท์

คอมเมนท์ทรัพยากรรายการนี้
  คอมเมนท์: ภาวะผู้นำและการจ..


 Copyright 2026. Bcnsprnw @Library